<?xml version="1.0" encoding="UTF-8"?>
<record
    xmlns:xsi="http://www.w3.org/2001/XMLSchema-instance"
    xsi:schemaLocation="http://www.loc.gov/MARC21/slim http://www.loc.gov/standards/marcxml/schema/MARC21slim.xsd"
    xmlns="http://www.loc.gov/MARC21/slim">

  <leader>03058    a2200337   4500</leader>
  <controlfield tag="003">Nust</controlfield>
  <controlfield tag="005">20170207165240.0</controlfield>
  <datafield tag="020" ind1=" " ind2=" ">
    <subfield code="a">9780470500538</subfield>
  </datafield>
  <datafield tag="020" ind1=" " ind2=" ">
    <subfield code="a">9780470500538</subfield>
  </datafield>
  <datafield tag="035" ind1=" " ind2=" ">
    <subfield code="a">(AU-PeEL)EBL468809</subfield>
  </datafield>
  <datafield tag="035" ind1=" " ind2=" ">
    <subfield code="a">(EBZ)ebs598488e</subfield>
  </datafield>
  <datafield tag="035" ind1=" " ind2=" ">
    <subfield code="a">(OCoLC)430985026</subfield>
  </datafield>
  <datafield tag="035" ind1=" " ind2=" ">
    <subfield code="a">(WaSeSS)ssj0000209305</subfield>
  </datafield>
  <datafield tag="040" ind1=" " ind2=" ">
    <subfield code="c">Nust</subfield>
  </datafield>
  <datafield tag="082" ind1="0" ind2="0">
    <subfield code="a">332.64/273</subfield>
  </datafield>
  <datafield tag="100" ind1="1" ind2=" ">
    <subfield code="a">Leinweber, David J.</subfield>
  </datafield>
  <datafield tag="245" ind1="1" ind2="0">
    <subfield code="a">Nerds on Wall Street (E Book)</subfield>
    <subfield code="h">[Elektronisk resurs] :</subfield>
    <subfield code="b">Math, Machines and Wired Markets.</subfield>
  </datafield>
  <datafield tag="260" ind1=" " ind2=" ">
    <subfield code="a">Hoboken :</subfield>
    <subfield code="b">John Wiley &amp; Sons, Inc.,</subfield>
    <subfield code="c">2009.</subfield>
  </datafield>
  <datafield tag="300" ind1=" " ind2=" ">
    <subfield code="a">1 online resource (402 p.)</subfield>
  </datafield>
  <datafield tag="500" ind1=" " ind2=" ">
    <subfield code="a">Description based upon print version of record.</subfield>
  </datafield>
  <datafield tag="505" ind1="0" ind2=" ">
    <subfield code="a">Chapter 7: A Little AI Goes a Long Way on Wall StreetChapter 8: Perils and Promise of Evolutionary Computation on Wall Street; Chapter 9: The Text Frontier; Chapter 10: Collective Intelligence, Social Media, and Web Market Monitors; Chapter 11: Three Hundred Years of Stock Market Manipulations; Part Four: Nerds Gone Wild; Chapter 12: Shooting the Moon; Chapter 13: Structural Ideas for the Economic Rescue; Chapter 14: Nerds Gone Green; Index; About the Web Site; </subfield>
  </datafield>
  <datafield tag="505" ind1="0" ind2=" ">
    <subfield code="a">Nerds on Wall Street: Math, Machines and Wired Markets; Contents; Foreword; Acknowledgments; Introduction; No Hedge Fund in My Tree House; A Concept Map of the Book; Flat Is the New Up; Tag Clouds; Web Site; Notes; Part One: Wired Markets; Chapter 1: An Illustrated History of Wired Markets; Chapter 2: Greatest Hits of Computation in Finance; Chapter 3: Algorithm Wars; Part Two: Alpha as Life; Chapter 4: Where Does Alpha Come From?; Chapter 5: A Gentle Introduction to Computerized Investing; Chapter 6: Stupid Data Miner Tricks; Part Three: Artificial Intelligence and Intelligence Amplification</subfield>
  </datafield>
  <datafield tag="520" ind1=" " ind2=" ">
    <subfield code="a">An intriguing look at how technology is changing financial markets, from an innovator on the frontlines of this revolutionNerds on Wall Street tells the tale of the ongoing technological transformation of the world's financial markets. The impact of technology on investing is profound, and author David Leinweber provides readers with an overview of where we were just a few short years ago, and where we are going. Being a successful investor today and tomorrow--individual or institutional--involves more than stock picking, asset allocation, or market timing: it involves technology. And Leinwebe</subfield>
  </datafield>
  <datafield tag="650" ind1=" " ind2="4">
    <subfield code="a">Investments --Computer network resources.</subfield>
  </datafield>
  <datafield tag="650" ind1=" " ind2="4">
    <subfield code="a">Wall Street (New York, N.Y.).</subfield>
  </datafield>
  <datafield tag="655" ind1=" " ind2="0">
    <subfield code="a">Electronic books.</subfield>
  </datafield>
  <datafield tag="700" ind1="1" ind2=" ">
    <subfield code="a">Aronson, Theodore R.</subfield>
  </datafield>
  <datafield tag="856" ind1="4" ind2="0">
    <subfield code="u">http://proxy.lib.chalmers.se/login?url=http://library.books24x7.com/library.asp?^B&amp;bookid=29728</subfield>
  </datafield>
  <datafield tag="856" ind1="4" ind2="0">
    <subfield code="u">http://sfxeu10.hosted.exlibrisgroup.com/sfxjon/?url_ver=Z39.88-2004&amp;ctx_ver=Z39.88-2004&amp;ctx_enc=info:ofi/enc:UTF-8&amp;rfr_id=info:sid/sfxit.com:opac_856&amp;url_ctx_fmt=info:ofi/fmt:kev:mtx:ctx&amp;sfx.ignore_date_threshold=1&amp;rft.object_id=1000000000766995&amp;svc_val_fmt=info:ofi/fmt:kev:mtx:sch_svc&amp;</subfield>
  </datafield>
  <datafield tag="856" ind1="4" ind2="0">
    <subfield code="u">https://lt.ltag.bibl.liu.se/login?url=http://www.books24x7.com/marc.asp?bookid=29728</subfield>
  </datafield>
  <datafield tag="942" ind1=" " ind2=" ">
    <subfield code="2">ddc</subfield>
    <subfield code="c">BK</subfield>
  </datafield>
  <datafield tag="999" ind1=" " ind2=" ">
    <subfield code="c">211181</subfield>
    <subfield code="d">211181</subfield>
  </datafield>
  <datafield tag="952" ind1=" " ind2=" ">
    <subfield code="0">0</subfield>
    <subfield code="1">0</subfield>
    <subfield code="2">ddc</subfield>
    <subfield code="4">0</subfield>
    <subfield code="7">0</subfield>
    <subfield code="8">NFIC</subfield>
    <subfield code="a">MCS</subfield>
    <subfield code="b">MCS</subfield>
    <subfield code="d">2016-12-12</subfield>
    <subfield code="l">0</subfield>
    <subfield code="o">332.64</subfield>
    <subfield code="p">MCSEB-1737</subfield>
    <subfield code="r">2016-12-08</subfield>
    <subfield code="w">2016-12-12</subfield>
    <subfield code="y">BK</subfield>
  </datafield>
</record>
